<?xml version="1.0" encoding="UTF-8"?>
<collection xmlns="http://www.loc.gov/MARC21/slim">
 <record>
  <leader>00890pamaa2200181   4500</leader>
  <controlfield tag="001">0000035167</controlfield>
  <controlfield tag="005">20080923090000.0</controlfield>
  <datafield tag="020" ind1="0" ind2="0">
   <subfield code="a">0735615845 </subfield>
  </datafield>
  <datafield tag="090" ind1="0" ind2="0">
   <subfield code="a">QA76.3 </subfield>
   <subfield code="b">MCA 2002</subfield>
  </datafield>
  <datafield tag="245" ind1="1" ind2="0">
   <subfield code="a">MCAD/MCSD self-paced training kit exams 70-305 and 70-315 : </subfield>
   <subfield code="b">Developing applications with microsoft visual basic .net and microsoft visual C# .net  </subfield>
   <subfield code="c">Microsoft Press.</subfield>
  </datafield>
  <datafield tag="260" ind1="0" ind2="0">
   <subfield code="a">Washington: </subfield>
   <subfield code="b">Microsoft Press, </subfield>
   <subfield code="c">2002.</subfield>
  </datafield>
  <datafield tag="300" ind1=" " ind2=" ">
   <subfield code="a">xxxiv, 756p.: </subfield>
   <subfield code="b">ill.; </subfield>
   <subfield code="c">24cm.</subfield>
  </datafield>
  <datafield tag="500" ind1="0" ind2="0">
   <subfield code="a">Includes 2 CD-ROM titled &quot; MCAD/MCSD self-paced training kit Exams 70-305 and 70-315 developing web applications with microsoft basic .net and micrsoft C# .net and Microsoft visual studio .net professional &quot;</subfield>
  </datafield>
  <datafield tag="650" ind1="0" ind2="0">
   <subfield code="a">Electronic data processing personnel -- </subfield>
   <subfield code="x">Certification </subfield>
  </datafield>
  <datafield tag="650" ind1="0" ind2="0">
   <subfield code="a">Microsoft software -- </subfield>
   <subfield code="x">Examinations -- </subfield>
   <subfield code="y">Study guides </subfield>
  </datafield>
  <datafield tag="650" ind1="0" ind2="0">
   <subfield code="a">Microsoft .Net Framework </subfield>
  </datafield>
  <datafield tag="710" ind1="1" ind2="1">
   <subfield code="a">Microsoft Corporation </subfield>
  </datafield>
 </record>
</collection>
